| 000 | 00355nam a2200121Ia 4500 | ||
|---|---|---|---|
| 008 | 220204s9999 xx 000 0 und d | ||
| 082 |
_a631.4:01(540) _bVAR |
||
| 100 | _aVARADE, S B | ||
| 245 | 0 | _aIndian soil science literature: A select bibliography 1966-1977. | |
| 260 |
_aNew Delhi _bAgricole _c1981 |
||
| 650 | _aSoil science bibliography | ||
| 942 | _cBK | ||
| 999 |
_c36961 _d36961 |
||